Landform by Phonetic Name Quiz Stats

 Plays Quiz not verified by Sporcle

Score 0/20 Timer 03:00
7 Plays Today
% Correct
Fjord
96.5%
Archipelago
96.4%
Beach
96.3%
Mountain
96.1%
Mesa
96.1%
Waterfall
96.1%
Valley
96%
Peninsula
96%
Canyon
96%
Island
95.9%
% Correct
River
95.9%
Plateau
95.9%
Oasis
95.9%
Plain
95.9%
Cliff
95.7%
Glacier
94.8%
Ridge
94.7%
Cave
93.8%
Geyser
92%
Cove
89.7%

You're not logged in!

Compare scores with friends on all Sporcle quizzes.
OR
Log In

Sporcle TV

Today on Sporcle TV


Watch our educational content, quiz creation guides, and fun videos on Sporcle TV.

Show Comments

Extras

Top Quizzes Today


Score Distribution

Your Account Isn't Verified!

In order to create a playlist on Sporcle, you need to verify the email address you used during registration. Go to your Sporcle Settings to finish the process.

Report this User

Report this user for behavior that violates our Community Guidelines.

Details: